| 000 | 01548nam a22004097a 4500 | ||
|---|---|---|---|
| 003 | CHAP | ||
| 005 | 20220329140944.0 | ||
| 008 | 971013s1995 r 00010 d | ||
| 010 | _a60399 | ||
| 011 | _a61371 | ||
| 035 | _a65535 | ||
| 040 | _cCHAP | ||
| 082 |
_a630.83 A84 1991 _bVer. |
||
| 245 |
_aAtlas agropecuario _b: Veracruz |
||
| 260 |
_aAguascalientes, Ags. : _bINEGI, _c1995 |
||
| 300 |
_a81 p. _b; gráfs. ; ilus. |
||
| 590 |
_aBATCH-UPD _b10 _c20130110 _lUCH01 _h0047 |
||
| 590 |
_aBATCH-UPD _b10 _c20130110 _lUCH01 _h1417 |
||
| 590 |
_aBATCH-UPD _b10 _c20130409 _lUCH01 _h2034 |
||
| 590 |
_aBATCH-UPD _b10 _c20130410 _lUCH01 _h0901 |
||
| 590 |
_aBATCH-UPD _b10 _c20130914 _lUCH01 _h1102 |
||
| 590 |
_aCONVERSION _b10 _c20130109 _lUCH01 _h1332 |
||
| 650 | 1 | 4 |
_aAgricultura _xEstadisticas _zVeracruz. _91471 |
| 650 | 1 | 4 |
_aCrédito agrícola _xVeracruz. _929084 |
| 650 | 1 | 4 |
_aCultivos _xVeracruz. _930337 |
| 650 | 1 | 4 |
_aEjidos _xVeracruz. _936035 |
| 650 | 1 | 4 |
_aGanadería _xEstadísticas _zVeracruz. _944730 |
| 650 | 1 | 4 |
_aMaquinaria agrícola _xVeracruz. _971206 |
| 650 | 1 | 4 |
_aProductos forestales _xEstadísticas. _992079 |
| 650 | 1 | 4 |
_aTierras _xUtilización _xVeracruz. _9113262 |
| 710 | 2 |
_aInstituto Nacional de Estadística, Geografía e Informática. México. _959304 |
|
| 790 | _aCenso agropecuario (7o.) 1991 | ||
| 901 | _aBK | ||
| 942 | _cLIBRO | ||
| 949 |
_a630.83 A84 1991 Ver. _bBC _cESP _d33724000640488 _eESP _fc.2 _h91163 _i65535 _si _t45.00 |
||
| 949 |
_a630.83 A84 1991 Ver. _bBC _cINEGI _d33724000609145 _eINEGI _gI. c/e _h90639 _i65535 _si _t45.00 |
||
| 999 |
_c60399 _d60399 |
||